000 00624nam a2200193Ii 4500
003 JO-AjNU
008 230605s9999||||xx |||||||||||||| ||und||
040 _aJO-AjNU
_bara
_erda
_cJO-AjNU
041 _aara
050 1 4 _aBF636
100 3 _aتاليف مولر، روبرت ا ؛ ترجمة حسن حسين فهمي,
_eauthor
_936688
245 0 0 _aالابتكارية
264 3 1 _aالقاهرة:دار المعرفة ، د.ت
300 _a255ص
336 _atext
_btxt
_2rdacontent
337 _aunmediated
_bn
_2rdamedia
338 _avolume
_bnc
_2rdacarrier
650 4 _aعلم النفس التطبيقي
_936689
999 _aA15265
_c18833
_d18833